<?xml version="1.0" encoding="UTF-8"?>
<record
    xmlns:xsi="http://www.w3.org/2001/XMLSchema-instance"
    xsi:schemaLocation="http://www.loc.gov/MARC21/slim http://www.loc.gov/standards/marcxml/schema/MARC21slim.xsd"
    xmlns="http://www.loc.gov/MARC21/slim">

  <leader>01489nam a22002777a 4500</leader>
  <controlfield tag="005">20170124103158.0</controlfield>
  <datafield tag="010" ind1=" " ind2=" ">
    <subfield code="a">B-118332</subfield>
  </datafield>
  <datafield tag="020" ind1=" " ind2=" ">
    <subfield code="c">00.00</subfield>
    <subfield code="a">0333924088</subfield>
  </datafield>
  <datafield tag="035" ind1=" " ind2=" ">
    <subfield code="a">B-118332</subfield>
  </datafield>
  <datafield tag="037" ind1=" " ind2=" ">
    <subfield code="b">Cen Lib/Ret</subfield>
  </datafield>
  <datafield tag="040" ind1=" " ind2=" ">
    <subfield code="a">DPL</subfield>
    <subfield code="b">HN</subfield>
  </datafield>
  <datafield tag="082" ind1=" " ind2=" ">
    <subfield code="a">954</subfield>
    <subfield code="b">&#x92E;&#x91C;&#x941;&#x92E;</subfield>
  </datafield>
  <datafield tag="100" ind1=" " ind2=" ">
    <subfield code="a">&#x92E;&#x91C;&#x941;&#x92E;&#x926;&#x93E;&#x930;, &#x930;&#x92E;&#x947;&#x936;&#x91A;&#x928;&#x94D;&#x926;&#x94D;&#x930; </subfield>
    <subfield code="9">43015</subfield>
  </datafield>
  <datafield tag="245" ind1=" " ind2=" ">
    <subfield code="a">&#x92D;&#x93E;&#x930;&#x924; &#x915;&#x93E; &#x92C;&#x943;&#x939;&#x924;&#x94D; &#x907;&#x924;&#x93F;&#x939;&#x93E;&#x938; :</subfield>
    <subfield code="c">&#x930;&#x92E;&#x947;&#x936;&#x91A;&#x928;&#x94D;&#x926;&#x94D;&#x930; &#x92E;&#x91C;&#x941;&#x92E;&#x926;&#x93E;&#x930;, &#x939;&#x947;&#x92E;&#x91A;&#x928;&#x94D;&#x926;&#x94D;&#x930; &#x930;&#x93E;&#x92F;&#x91A;&#x94C;&#x927;&#x930;&#x940; [&#x914;&#x930;] &#x915;&#x93E;&#x932;&#x93F;&#x915;&#x93F;&#x902;&#x915;&#x930; &#x926;&#x924;&#x94D;&#x924; </subfield>
    <subfield code="b">&#x906;&#x927;&#x941;&#x928;&#x93F;&#x915; &#x92D;&#x93E;&#x930;&#x924; /</subfield>
  </datafield>
  <datafield tag="246" ind1=" " ind2=" ">
    <subfield code="a">Bharat ka brihat itihas : adhunik bharat /</subfield>
    <subfield code="b">by Ramesh Chandra Majumdar, Hem Chandra Raychaudhari [aur] Kalikankar Dutt </subfield>
  </datafield>
  <datafield tag="260" ind1=" " ind2=" ">
    <subfield code="a">&#x928;&#x92F;&#x940; &#x926;&#x93F;&#x932;&#x94D;&#x932;&#x940;    </subfield>
    <subfield code="b">&#x92E;&#x915;&#x94D;&#x92E;&#x93F;&#x932;&#x94D;&#x932;&#x92E; &#x907;&#x902;&#x921;&#x93F;&#x92F;&#x93E; </subfield>
    <subfield code="c">2005</subfield>
  </datafield>
  <datafield tag="270" ind1=" " ind2=" ">
    <subfield code="b">&#x928;&#x92F;&#x940; &#x926;&#x93F;&#x932;&#x94D;&#x932;&#x940;    </subfield>
    <subfield code="a">2/10, &#x905;&#x902;&#x938;&#x93E;&#x930;&#x940; &#x930;&#x94B;&#x921;, &#x926;&#x930;&#x93F;&#x92F;&#x93E;&#x917;&#x902;&#x91C;</subfield>
    <subfield code="e">110002</subfield>
  </datafield>
  <datafield tag="300" ind1=" " ind2=" ">
    <subfield code="a">468&#x92A;&#x943;. :</subfield>
    <subfield code="c">20&#x938;&#x947;&#x92E;&#x940;(&#x938;&#x91C;&#x93F;&#x932;&#x94D;&#x926;)</subfield>
    <subfield code="b">&#x938;&#x91A;&#x93F;&#x924;&#x94D;&#x930; </subfield>
  </datafield>
  <datafield tag="650" ind1=" " ind2=" ">
    <subfield code="a">&#x92D;&#x93E;&#x930;&#x924; -- &#x907;&#x924;&#x93F;&#x939;&#x93E;&#x938; </subfield>
    <subfield code="9">3679</subfield>
  </datafield>
  <datafield tag="650" ind1=" " ind2=" ">
    <subfield code="a">&#x92D;&#x93E;&#x930;&#x924; -- &#x930;&#x93E;&#x91C;&#x928;&#x93F;&#x924;&#x93F;&#x915; &#x938;&#x92E;&#x94D;&#x92C;&#x928;&#x94D;&#x927; </subfield>
    <subfield code="9">80650</subfield>
  </datafield>
  <datafield tag="650" ind1=" " ind2=" ">
    <subfield code="a">India - History</subfield>
    <subfield code="9">24174</subfield>
  </datafield>
  <datafield tag="650" ind1=" " ind2=" ">
    <subfield code="a">India - political relations</subfield>
    <subfield code="9">90449</subfield>
  </datafield>
  <datafield tag="700" ind1=" " ind2=" ">
    <subfield code="a">&#x930;&#x93E;&#x92F;&#x91A;&#x94C;&#x927;&#x930;&#x940;, &#x939;&#x947;&#x92E;&#x91A;&#x928;&#x94D;&#x926;&#x94D;&#x930; </subfield>
    <subfield code="9">43407</subfield>
  </datafield>
  <datafield tag="700" ind1=" " ind2=" ">
    <subfield code="a">&#x926;&#x924;&#x94D;&#x924;, &#x915;&#x93E;&#x932;&#x93F;&#x915;&#x93F;&#x902;&#x915;&#x930; </subfield>
    <subfield code="9">42810</subfield>
  </datafield>
  <datafield tag="942" ind1=" " ind2=" ">
    <subfield code="2">ddc</subfield>
    <subfield code="c">HN</subfield>
    <subfield code="h">954</subfield>
    <subfield code="m">&#x92E;&#x91C;&#x941;&#x92E;</subfield>
  </datafield>
  <datafield tag="999" ind1=" " ind2=" ">
    <subfield code="c">120443</subfield>
    <subfield code="d">120443</subfield>
  </datafield>
  <datafield tag="952" ind1=" " ind2=" ">
    <subfield code="0">0</subfield>
    <subfield code="1">0</subfield>
    <subfield code="4">0</subfield>
    <subfield code="7">0</subfield>
    <subfield code="a">L</subfield>
    <subfield code="b">L</subfield>
    <subfield code="d">2015-09-22</subfield>
    <subfield code="e">Cen Lib/Ret</subfield>
    <subfield code="g">0.00</subfield>
    <subfield code="l">0</subfield>
    <subfield code="o">954 &#x92E;&#x91C;&#x941;&#x92E;</subfield>
    <subfield code="p">B-118332</subfield>
    <subfield code="r">2015-09-22 00:00:00</subfield>
    <subfield code="t">1</subfield>
    <subfield code="v">0.00</subfield>
    <subfield code="w">2015-09-22</subfield>
    <subfield code="y">HN</subfield>
    <subfield code="z">Legal Case (Register No. 2019)</subfield>
  </datafield>
</record>
